| 000 | 02449cam a22004814i 4500 | ||
|---|---|---|---|
| 003 | PE-LiUPU | ||
| 005 | 20250731173042.0 | ||
| 008 | 171226s2013 xxu0 r0 000 0 eng d | ||
| 020 | _a9780801039645 | ||
| 035 | _a(Sirsi) a240676 | ||
| 040 |
_aPE-LiUPU _bspa _cPE-LiUPU _erda |
||
| 049 | _aPRUA | ||
| 082 | 0 | 4 |
_a225.61 _bL46 _223 |
| 100 | 1 |
_aElwell, Walter A., _eautor. |
|
| 245 | 1 | 0 |
_aEncountering the New Testament : _ba historical and theological survey / _cWalter A. Elwell, Robert W. Yarbrough. |
| 250 | _aThird edition. | ||
| 264 | 1 |
_aGrand Rapids : _bBaker Academic; _c2013. |
|
| 300 |
_aXVI, 430 páginas : _Bilustraciones ; _c25 centímetros. |
||
| 336 |
_atext _2rdacontent |
||
| 337 |
_aunmediated _2rdamedia |
||
| 338 |
_avolume _2rdacarrier |
||
| 490 | 0 | _aEncountering biblical studies | |
| 505 | 0 | _aContents -- Preface -- To the Professor -- To the Student -- Abbreviations -- Why Study the New Testament? -- Encountering Jesus and the Gospels -- The Middle East in the Days of Jesus -- The Gospel and the Four Gospels -- The Gospel of Matthew -- The Gospel of Mark -- The Gospel of Luke -- The Gospel of John -- Man from Galilee -- Lord, Teach Us -- Modern Approaches to the New Testament -- The Modern Study of the Gospels -- The Modern Search for Jesus -- Encountering Acts and the Earliest Church -- The World and Identity of the Earliest Church -- Encountering Paul and His Epistles -- All Things to All People -- Romans -- Corinthians and Galatians -- Ephesians, Philippians, Colossians, and Philemon -- Thessalonians, Timothy, and Titus -- Encountering the General Epistles and the Apocalypse -- Hebrews and James -- Peter, John, and Jude -- Revelation -- Epilogue -- Glossary -- Notes -- Credits -- Scripture Index -- Name Index -- Subject Index. | |
| 526 | _aSEG42 | ||
| 526 | _aSEG41 | ||
| 526 | _aSEG40 | ||
| 526 | _aSEG39 | ||
| 526 | _aP94 | ||
| 526 | _aP87 | ||
| 526 | _aP86 | ||
| 526 | _aP85 | ||
| 526 | _aP77 | ||
| 526 | _aP76 | ||
| 526 | _aP35 | ||
| 650 | 0 | 4 | _aTheology. |
| 650 | 0 | 4 | _aTeología. |
| 700 | 1 |
_aYarbrough, Robert W, _eautor. |
|
| 910 |
_adbm _bksl _cksl _d20171226 |
||
| 596 | _a1 | ||
| 942 |
_2ddc _cBOOK |
||
| 999 |
_a225.61 L46 _wLC _c26358 _i77729 _f2021-11-9 _g4 _lCCODEBUL1 _mBUL _p29.60 _r0 _sY _tBOOK _u2017-12-26 _xTEOLOGIA _PP85 _0DONACION _o.STAFF. Colección Teología _d26358 |
||
| 980 |
_81 _gALBERTO SANCHEZ Responsable de Automatización |
||